Culture Générale - Série 2343 - Statistiques

Statistiques générales
  • Ce quiz a été pris 69 fois
  • Le résultat moyen est 3 sur 10
Statistiques - réponses
Question Réponse % Correct
Coiffure d'apparat portée par le pape jusqu'à Paul VI (qui y renonça) tiare
50%
Quel médecin prénommé René a inventé le stéthoscope en 1819 ? Laennec
47%
Pièce d'étoffe rouge tendue sur un bâton dont le matador se sert pour provoquer et diriger les charges du taureau. muleta
41%
Unité de masse, encore utilisée dans certains pays, dont la valeur est comprise entre 25 et 34 grammes once
41%
Personne exaltée qui se livre à des cris, à des gestes excessifs dans l'enthousiasme ou la fureur - 10 lettres commençant par é " énergumène
38%
Le spalax est un rongeur également appelé " rat-.... taupe
30%
Chercher à obtenir un emploi en faisant acte de candidature (convoiter-ambitionner) - 7 lettres commençant par " b " briguer
25%
Quel nom a été donné au premier concile général des évêques de l'Empire romain en 325 ? Nicée
19%
Quel acteur a interprété le "colonel Andrea Stavros" dans le film "Les canons de Navarone" en 1961 ? prénom et nom Anthony Quinn
16%
Comment s'appelait le chimpanzé de Léo Ferré à qui il a dédié une chanson et dont le titre porte son nom ? Pépée
6%
Aucun quiz correspondant
Distribution des résultats
% des personnes avec chaque résultat
Percentile par nombre de réponses
Votre historique - résultats
Vous n’avez pas pris ce quiz